2018-2019 EPL Clubs by Points - Statistics

General Stats
  • This quiz has been taken 52 times
  • The average score is 11 of 20
Answer Stats
Points Answer % Correct
97 Liverpool
100%
98 Manchester City
100%
72 Chelsea
97%
71 Tottenham Hotspur
97%
66 Manchester United
95%
70 Arsenal
92%
57 Wolverhampton Wanderers
61%
54 Everton
55%
52 Leicester City
47%
52 West Ham United
45%
50 Watford
37%
36 Brighton
34%
34 Cardiff City
34%
26 Fulham
34%
16 Huddersfield Town
34%
45 Newcastle United
32%
49 Crystal Palace
29%
45 AFC Bournemouth
26%
40 Burnley
26%
39 Southampton
26%
No matching quizzes found
Score Distribution
Percent of People with Each Score
Percentile by Number Answered
Your Score History
You have not taken this quiz